000 00274nam a2200121Ia 4500
008 190216s9999||||xx |||||||||||||| ||und||
100 _aKunjan Pillai
245 0 _aKokasandesam
260 _bNational Book Stall
_c1967
300 _a99p
650 _aKavithkal
942 _cBK
999 _c24575
_d24575